| 000 | 00598nam a2200205Ia 4500 | ||
|---|---|---|---|
| 001 | 16125 | ||
| 003 | GE_BSU | ||
| 008 | 181216s||||||||xx |||||||||||||| ||und|| | ||
| 040 | _cGE_BSU | ||
| 080 | _a6 | ||
| 245 | _aFeaturecam. Featuremill. Training course | ||
| 245 | _bDeclam. Advanced Manufacturing. Powering your productivity | ||
| 260 | _c2014 | ||
| 300 | _a380p.30cm. | ||
| 653 | _a(ქსეროქსი) | ||
| 653 | _aDeclam. Advanced Manufacturing. Powering your productivity | ||
| 653 | _aFeaturecam. Featuremill. Training course | ||
| 653 | _aტექნიკა | ||
| 942 | _cBK | ||
| 999 |
_c49213 _d49213 |
||